Эпоха Рамсесов (Запись № 1441912)
[ простой вид ]
| 000 -МАРКЕР | |
|---|---|
| контрольное поле | 01268nam0a22003491 4500 |
| 001 - ИДЕНТИФИКАТОР ЗАПИСИ | |
| контрольное поле | RU\NLR\bibl\553719 |
| 005 - ИДЕНТИФИКАТОР ВЕРСИИ | |
| контрольное поле | 20250609161141.0 |
| 010 ## - МЕЖДУНАРОДНЫЙ СТАНДАРТНЫЙ НОМЕР КНИГИ (ISBN) | |
| Номер (ISBN) | 5-9524-0921-0 |
| Тираж | 6000 |
| 021 ## - НОМЕР ГОСУДАРСТВЕННОЙ РЕГИСТРАЦИИ | |
| Код страны | Российская Федерация |
| Номер | 2004-32614 |
| Номер Листа государственной регистраци | 1639 |
| 035 ## - ДРУГИЕ СИСТЕМНЫЕ НОМЕРА | |
| Идентификатор записи | (NLR Aleph) 000545877 |
| 100 ## - ДАННЫЕ ОБЩЕЙ ОБРАБОТКИ | |
| Данные общей обработки | 20040917d2004 |||y0rusy50 ca |
| 101 1# - ЯЗЫК РЕСУРСА | |
| Язык текста, звукозаписи и т.д. | русский |
| Язык оригинала | английский |
| 102 ## - СТРАНА ПУБЛИКАЦИИ ИЛИ ПРОИЗВОДСТВА | |
| Страна публикации | Российская Федерация |
| 105 ## - ПОЛЕ КОДИРОВАННЫХ ДАННЫХ: ТЕКСТОВЫЕ МАТЕРИАЛЫ, МОНОГРАФИЧЕСКИЕ | |
| Кодированные данные о монографическом текстовом документе | a ||||||||| |
| 200 1# - ЗАГЛАВИЕ И СВЕДЕНИЯ ОБ ОТВЕТСТВЕННОСТИ | |
| Основное заглавие | Эпоха Рамсесов |
| Сведения, относящиеся к заглавию | Быт, религия, культура |
| Первые сведения об ответственности | Пьер Монте |
| Последующие сведения об ответственности | [Пер. с англ. Д.Л. Шамшина] |
| 210 ## - ПУБЛИКАЦИЯ, РАСПРОСТРАНЕНИЕ И ДР. | |
| Место издания, распространения и т.д. | М. |
| Имя издателя, распространителя и т. д. | Центрполиграф |
| Дата издания, распространения и т.д. | 2004 |
| 215 ## - ФИЗИЧЕСКАЯ ХАРАКТЕРИСТИКА | |
| Специфическое обозначение материала и объем | 365,[1] с. |
| Другие сведения о физической характеристике | ил. |
| Размеры | 21 |
| 300 ## - ОБЩИЕ ПРИМЕЧАНИЯ | |
| Текст примечания | На доп. тит.л. загл. и авт.: Everyday life in Egypt / Pierre Montet |
| 602 ## - РОДОВОЕ ИМЯ КАК ПРЕДМЕТ | |
| Начальный элемент ввода | Рамессиды (династия) |
| Даты | 1206 - ок. 1070 до н.э. |
| -- | 2345189 |
| Идентификатор авторитетной/нормативной записи | RU\NLR\auth\661401504 |
| 602 ## - РОДОВОЕ ИМЯ КАК ПРЕДМЕТ | |
| Начальный элемент ввода | Рамессиды (династия) |
| Даты | 1206-ок. 1070 до н.э. |
| Код системы | psbo |
| 686 ## - ИНДЕКСЫ ДРУГИХ КЛАССИФИКАЦИЙ | |
| Индекс | Т3(0)310.7 |
| 686 ## - ИНДЕКСЫ ДРУГИХ КЛАССИФИКАЦИЙ | |
| Индекс | Т3(0)310.8 |
| 700 #1 - ИМЯ ЛИЦА - ПЕРВИЧНАЯ ОТВЕТСТВЕННОСТЬ | |
| Начальный элемент ввода | Монте |
| Часть имени, кроме начального элемента ввода | П. |
| Расширение инициалов личного имени | Пьер |
| Код отношения | Автор |
| 801 #0 - ИСТОЧНИК ЗАПИСИ | |
| Страна | Российская Федерация |
| Организация | NLR |
| Дата составления | 20040917 |
| Правила каталогизации | PSBO |
| 801 #1 - ИСТОЧНИК ЗАПИСИ | |
| Страна | Российская Федерация |
| Организация | NLR |
| Дата составления | 20040917 |
| 852 ## - МЕСТОНАХОЖДЕНИЕ И ШИФР ХРАНЕНИЯ | |
| Идентификатор организации | NLR |
| Наименование фонда или коллекции (Sub-Location Identifier) | ОЛСАА-сл-спр |
| Шифр хранения (Call Number) | 3-4001 |
| 942 ## - ДОПОЛНИТЕЛЬНЫЕ ЭЛЕМЕНТЫ ЗАПИСИ (АБИС) | |
| Тип экземпляра АБИС | Книга |
| 980 ## - КОЛЛЕКЦИЯ | |
| Название коллекции | Национальная библиография |
| 980 1# - КОЛЛЕКЦИЯ | |
| Название коллекции | |
| Тип экземпляра | Дата поступления | Источник поступления | Библиотека постоянного хранения | Библиотека текущего хранения | Место хранения | Шифр хранения | Штрих-код | Статус экземпляра |
|---|---|---|---|---|---|---|---|---|
| Книга | 17.09.2004 | Покупка | РНБ (Московский) | РНБ (Московский) | Русский книжный фонд: издания с 1957 года | 2004-3/19079 | 1-1966996 | |
| Книга | 17.09.2004 | Покупка | РНБ (Московский) | РНБ (Московский) | Фонд литературы на языках стран Азии и Африки, подручный | 753378 | ||
| Книга | 15.12.2004 | Обязательный экземпляр | РНБ (Московский) | РНБ (Московский) | Русский книжный фонд: издания с 1957 года | 2004-3/19079 | 811516 | |
| Книга | 17.09.2004 | Обязательный экземпляр | РНБ (Садовая) | РНБ (Садовая) | Фонд Абонемента (Садовая) | Аб Т3(0)/М-77 | 753379 |